000 00368nam a2200145Ia 4500
008 240624s9999 xx 000 0 und d
041 _aeng
082 _a337 ROS
100 _aROSSER J BARKLEY
245 _aCOMPARATIVE ECONOMICS IN A TRANSFORMING
250 _a(3rd ed.)
260 _c2018
_aLondon
_bThe MIT Press
300 _aix, 734 p.; 23 cm.
365 _c
_b30
999 _c31067
_d31067